Statystyki dla Liga Mistrzów 2018/2019

Kliknij tutaj aby rozwiązać quiz!

Ogólne statystyki

  • Ten quiz został rozwiązany 6 238 razy
  • Średni wynik to 22 z 32

Statystyki odpowiedzi

HintOdpowiedź% Poprawnych
NiemcyBayern
98%
HiszpaniaReal Madryt
98%
HiszpaniaFc Barcelona
97%
NiemcyBorussia Dortmund
95%
FrancjaPSG
95%
WłochyJuventus
93%
AngliaManchester City
93%
HolandiaAjax Amsterdam
91%
AngliaLiverpool
90%
HiszpaniaAtletico Madryt
88%
AngliaManchester United
87%
WłochyInter Mediolan
82%
PortugaliaPorto
81%
AngliaTottenham
81%
WlochyNapoli
78%
PortugaliaSL Benfica
71%
HolandiaPSV
70%
FrancjaLyon
63%
WłochyRoma
60%
HiszpaniaValencia
59%
RosjaCSKA Moskwa
58%
FrancjaMonaco
56%
TurcjaGalatasaray
51%
RosjaLokomotiv Moskva
51%
SzwajcariaBSC Young Boys
45%
UkrainaSzachtar Donieck
45%
SerbiaCrvena Zvezda
40%
BelgiaClub Brugge
38%
GrecjaAEK Ateny
37%
NiemcyHoffenheim
23%
CzechyViktoria Pilzno
23%
NiemcyFc Shalke 04
17%

Rozkład punktacji

Percentyl według liczby udzielonych odpowiedzi

Procent ludzi z każdym wynikiem

Twoja historia wyników

Nie rozwiązałeś tego quizu